[Event "33. Open Ciudad de San Sebastian"]
[Site "San Sebastián ESP"]
[Date "2010.04.02"]
[Round "7.53"]
[White "Navascues Zabaleta, Jesus"]
[Black "Orube Bona, Andoni"]
[Result "0-1"]
[WhiteElo "1800"]
[BlackElo "1732"]
[PlyCount "84"]
[EventDate "2010.03.28"]
[EventType "swiss"]
[EventRounds "9"]
[EventCountry "ESP"]
[Source "lmi"]
[SourceDate "2010.03.28"]

1. d4 e6 2. c4 f5 3. Nc3 Nf6 4. Qc2 c6 5. e3 d5 6. Bd3 Ne4 7. Nge2 Bd6 8. g3
Nd7 9. f3 Nxc3 10. Nxc3 Nf6 11. e4 fxe4 12. fxe4 Bb4 13. a3 dxc4 14. axb4 cxd3
15. Qxd3 e5 16. d5 O-O 17. Bg5 Bg4 18. h3 Bh5 19. g4 Bg6 20. O-O-O Qb6 21. Qc4
Kh8 22. Rhe1 cxd5 23. exd5 Rac8 24. Qb3 Ne4 25. Be3 Qb5 26. d6 Rfd8 27. Rd5 Qd7
28. Rxe5 Qxd6 29. Bf4 Qd4 30. Rd1 Nd2 31. Rxd2 Qxf4 32. Red5 Bf7 33. Rxd8+ Rxd8
34. Qd1 Bb3 35. Qe2 Rxd2 36. Qxd2 Qf1+ 37. Nd1 Qxh3 38. Qd8+ Bg8 39. Qc8 Qf3
40. Nc3 Qf4+ 41. Kb1 Qxb4 42. Qd7 a5 0-1

[Event "33. Open Ciudad de San Sebastian"]
[Site "San Sebastián ESP"]
[Date "2010.04.02"]
[Round "7.54"]
[White "Severri Arrese, Carlos"]
[Black "Veras Sanz, Jose Antonio"]
[Result "1-0"]
[WhiteElo "1925"]
[BlackElo "1712"]
[PlyCount "105"]
[EventDate "2010.03.28"]
[EventType "swiss"]
[EventRounds "9"]
[EventCountry "ESP"]
[Source "lmi"]
[SourceDate "2010.03.28"]

1. d4 d5 2. Nf3 Nf6 3. Bf4 g6 4. Nbd2 Bg7 5. c4 c6 6. e3 O-O 7. h3 Bf5 8. Qb3
Qb6 9. Rc1 Qxb3 10. axb3 Na6 11. cxd5 Nxd5 12. Be5 Ndb4 13. Bxg7 Kxg7 14. e4
Be6 15. Be2 Rac8 16. O-O f6 17. Rfd1 Nc7 18. Bc4 Bg8 19. Kf1 Rfd8 20. Bxg8 Kxg8
21. Ke2 Nb5 22. Ke3 Kg7 23. Rc4 Na6 24. Ra4 Nac7 25. g3 Ne6 26. Nb1 Nc5 27. Rc4
Nxb3 28. Rd3 Na5 29. Ra4 b6 30. Na3 Nxa3 31. Rdxa3 Rc7 32. Rc3 Rdc8 33. b4 Nb7
34. Rxa7 Nd6 35. Rxc7 Rxc7 36. Kd3 Nb5 37. Rc1 h6 38. Ke3 e6 39. g4 g5 40. h4
Kg6 41. hxg5 hxg5 42. Nd2 Na3 43. f4 Nb5 44. f5+ exf5 45. gxf5+ Kf7 46. Rh1 Kg7
47. Rg1 Nd6 48. Rc1 Re7 49. Kf3 g4+ 50. Kf4 g3 51. Rg1 Kh6 52. Rxg3 Rg7 53.
Rh3# 1-0

[Event "33. Open Ciudad de San Sebastian"]
[Site "San Sebastián ESP"]
[Date "2010.04.02"]
[Round "7.57"]
[White "D'amade, Philippe"]
[Black "Aizpurua Zufiria, Inaki"]
[Result "1-0"]
[WhiteElo "1810"]
[BlackElo "1648"]
[PlyCount "49"]
[EventDate "2010.03.28"]
[EventType "swiss"]
[EventRounds "9"]
[EventCountry "ESP"]
[Source "lmi"]
[SourceDate "2010.03.28"]

1. e4 c5 2. Nc3 Nc6 3. g3 Nf6 4. Bg2 d6 5. Nge2 Bd7 6. h3 Rb8 7. d4 cxd4 8.
Nxd4 a6 9. O-O g6 10. Be3 Bg7 11. Qd2 Qc8 12. Kh2 O-O 13. Rad1 Ne5 14. b3 b5
15. Nd5 Nxd5 16. exd5 Re8 17. f4 Ng4+ 18. hxg4 Bxg4 19. Rde1 f5 20. Nc6 Rb7 21.
Bd4 e6 22. Bxg7 Rxg7 23. Rxe6 Rxe6 24. dxe6 Rc7 25. Qd5 1-0

[Event "33. Open Ciudad de San Sebastian"]
[Site "San Sebastián ESP"]
[Date "2010.04.02"]
[Round "7.63"]
[White "Vicente Ezeiza, Mikel"]
[Black "Vazquez Alvarez, Diego"]
[Result "1-0"]
[WhiteElo "1674"]
[BlackElo "1534"]
[PlyCount "145"]
[EventDate "2010.03.28"]
[EventType "swiss"]
[EventRounds "9"]
[EventCountry "ESP"]
[Source "lmi"]
[SourceDate "2010.03.28"]

1. e4 c6 2. d4 d5 3. Nc3 dxe4 4. Nxe4 Bf5 5. Ng3 Bg6 6. Nf3 e6 7. Bd3 Bxd3 8.
Qxd3 Nf6 9. Bg5 Nbd7 10. Ne4 h6 11. Nxf6+ Nxf6 12. Bh4 Qa5+ 13. Qd2 Qb6 14.
O-O-O Nd5 15. c3 a5 16. Ne5 a4 17. Nd3 Ra5 18. Rhe1 Qa6 19. Ne5 b5 20. f4 a3
21. b4 Ra4 22. Nd3 Kd7 23. Re2 Bd6 24. Bg3 Qa8 25. Nc5+ Bxc5 26. dxc5 Kc8 27.
Qd4 Rg8 28. Rde1 Ra7 29. f5 Re7 30. Bd6 e5 31. Rxe5 Rxe5 32. Qxe5 f6 33. Qe6+
Kb7 34. Qd7+ Ka6 35. Kc2 Qb7 36. Qxb7+ Kxb7 37. Rb1 Ne3+ 38. Kb3 Nxf5 39. Kxa3
Nxd6 40. cxd6 Kc8 41. Rd1 Kd7 42. Rd4 Re8 43. Kb3 Re6 44. Rg4 g5 45. h4 Rxd6
46. hxg5 hxg5 47. Rg3 Ke6 48. c4 Rd1 49. Kc2 Rd4 50. cxb5 Rc4+ 51. Kb3 cxb5 52.
a4 Rc1 53. axb5 Rb1+ 54. Kc4 Rc1+ 55. Rc3 Rxc3+ 56. Kxc3 f5 57. Kc4 Kd6 58. Kd4
g4 59. Ke3 Kc7 60. Kf4 Kb6 61. Kxf5 g3 62. Kg4 Kxb5 63. Kxg3 Kxb4 64. Kf4 Kc5
65. Kf5 Kd6 66. Kf6 Kd7 67. g4 Ke8 68. g5 Kf8 69. g6 Kg8 70. g7 Kh7 71. Kf7 Kh6
72. g8=Q Kh5 73. Qg3 1-0

[Event "33. Open Ciudad de San Sebastian"]
[Site "San Sebastián ESP"]
[Date "2010.04.02"]
[Round "7.66"]
[White "Benson, Nicola"]
[Black "Delgado Canton, Manuel"]
[Result "1-0"]
[WhiteElo "1377"]
[BlackElo "1620"]
[PlyCount "73"]
[EventDate "2010.03.28"]
[EventType "swiss"]
[EventRounds "9"]
[EventCountry "ESP"]
[Source "lmi"]
[SourceDate "2010.03.28"]

1. d4 d5 2. Nf3 Nc6 3. e3 Bg4 4. Be2 Nf6 5. c4 e6 6. c5 Be7 7. Bb5 O-O 8. Bxc6
bxc6 9. Nbd2 Ne4 10. Qa4 Nxd2 11. Nxd2 Qd7 12. f3 Bh5 13. O-O Bg6 14. Nb3 Bd3
15. Rd1 Bb5 16. Qb4 f5 17. Qe1 Qd8 18. g3 Bf6 19. f4 h5 20. Nd2 h4 21. Nf3 hxg3
22. hxg3 Kf7 23. Rd2 Rh8 24. Rh2 Bd3 25. Qf2 Rb8 26. b3 a5 27. Bd2 Ra8 28. a3
Be4 29. Rf1 Rb8 30. Bxa5 Rxb3 31. Bxc7 Qxc7 32. Rxh8 Rxa3 33. Ng5+ Ke7 34. Nxe4
dxe4 35. Rb1 Qa7 36. Rhb8 Ra1 37. Qb2 1-0

[Event "33. Open Ciudad de San Sebastian"]
[Site "San Sebastián ESP"]
[Date "2010.04.02"]
[Round "7.67"]
[White "Gonzalez Pueyo, Patricia"]
[Black "Irulegi Garmendia, Jose Antonio"]
[Result "0-1"]
[WhiteElo "1610"]
[BlackElo "1503"]
[PlyCount "94"]
[EventDate "2010.03.28"]
[EventType "swiss"]
[EventRounds "9"]
[EventCountry "ESP"]
[Source "lmi"]
[SourceDate "2010.03.28"]

1. e4 e5 2. Nf3 Nc6 3. d4 exd4 4. Nxd4 Qf6 5. Nb5 Qd8 6. Bf4 Bb4+ 7. N1c3 Ba5
8. Qd3 a6 9. Nd4 Nxd4 10. Qxd4 Qf6 11. e5 Qb6 12. Qxb6 Bxb6 13. f3 Ne7 14.
O-O-O O-O 15. g4 Ng6 16. Bg3 Be3+ 17. Kb1 Bf4 18. Bxf4 Nxf4 19. h4 f6 20. Bc4+
Kh8 21. exf6 Rxf6 22. Rhe1 Rf8 23. Nd5 Nxd5 24. Rxd5 d6 25. Re7 b5 26. Bd3 Bb7
27. Rh5 h6 28. g5 Bxf3 29. Rxh6+ gxh6 30. Rh7+ Kg8 31. b3 hxg5 32. hxg5 Rf7 33.
Rh2 d5 34. g6 Rg7 35. Bf5 Be4 36. Be6+ Kf8 37. Rh8+ Ke7 38. Rxa8 Kxe6 39. Rxa6+
Kd7 40. Ra5 Kc6 41. a4 b4 42. Ra6+ Kb7 43. Ra5 c6 44. Kb2 Rxg6 45. c3 Rg2+ 46.
Kc1 bxc3 47. Kd1 Rg1+ 0-1

[Event "33. Open Ciudad de San Sebastian"]
[Site "San Sebastián ESP"]
[Date "2010.04.03"]
[Round "8.1"]
[White "Alvarez Pedraza, Aramis"]
[Black "Tratar, Marko"]
[Result "1/2-1/2"]
[WhiteElo "2486"]
[BlackElo "2486"]
[PlyCount "112"]
[EventDate "2010.03.28"]
[EventType "swiss"]
[EventRounds "9"]
[EventCountry "ESP"]
[Source "lmi"]
[SourceDate "2010.03.28"]

1. d4 Nf6 2. c4 e6 3. Nc3 Bb4 4. e3 O-O 5. Nge2 d5 6. a3 Bd6 7. c5 Be7 8. b4 b6
9. g3 a5 10. Rb1 axb4 11. axb4 c6 12. Bg2 Ba6 13. O-O Nbd7 14. Qc2 Bc4 15. Re1
Qc8 16. Bd2 Qa6 17. Nc1 Rfb8 18. e4 bxc5 19. bxc5 Rxb1 20. Qxb1 dxe4 21. Nxe4
Bd5 22. Nc3 Bxg2 23. Kxg2 Bd8 24. Qd3 Ba5 25. Qxa6 Rxa6 26. N1e2 Bc7 27. Rb1
Ra7 28. Nc1 e5 29. Be3 Kf8 30. f4 Ra3 31. N1e2 exd4 32. Bxd4 Ke7 33. h3 h5 34.
Rb7 Kd8 35. Kf3 Nd5 36. Kg2 Nxc3 37. Bxc3 Nxc5 38. Rb2 Nd7 39. Bxg7 f6 40. Nd4
Rc3 41. g4 hxg4 42. hxg4 Kc8 43. Ne6 Re3 44. Nxc7 Kxc7 45. Kf2 Rh3 46. Kg2 Rh7
47. Bxf6 Nxf6 48. Kg3 c5 49. g5 Nd5 50. g6 Rg7 51. f5 Ne7 52. Kf4 Nxg6+ 53.
fxg6 Rxg6 54. Ke4 Rd6 55. Ke3 Kc6 56. Rd2 Rxd2 1/2-1/2

[Event "33. Open Ciudad de San Sebastian"]
[Site "San Sebastián ESP"]
[Date "2010.04.03"]
[Round "8.2"]
[White "Alsina Leal, Daniel"]
[Black "Movsziszian, Karen"]
[Result "1-0"]
[WhiteElo "2548"]
[BlackElo "2530"]
[PlyCount "173"]
[EventDate "2010.03.28"]
[EventType "swiss"]
[EventRounds "9"]
[EventCountry "ESP"]
[Source "lmi"]
[SourceDate "2010.03.28"]

1. e4 Nf6 2. e5 Nd5 3. d4 d6 4. Nf3 g6 5. g3 Bg7 6. Bg2 O-O 7. O-O Nc6 8. Re1
dxe5 9. Nxe5 Nxe5 10. dxe5 c6 11. Qe2 a5 12. a4 Be6 13. Nd2 Nb4 14. Ne4 Qc7 15.
f4 Rad8 16. Be3 f6 17. exf6 exf6 18. Rad1 Rxd1 19. Rxd1 Rd8 20. Re1 h6 21. c3
Nd5 22. Bf2 Bf7 23. Nc5 Re8 24. Qd2 Re7 25. Rxe7 Qxe7 26. Qe1 Qxe1+ 27. Bxe1 b5
28. axb5 cxb5 29. Nb7 Ne3 30. Bc6 b4 31. Nxa5 bxc3 32. Bxc3 Nd5 33. Bd4 Bf8 34.
Nb7 Nb4 35. Bf3 f5 36. Nd8 Bb3 37. Nc6 Nxc6 38. Bxc6 Kf7 39. Kf2 g5 40. Ke3 Ke6
41. Bb7 gxf4+ 42. gxf4 Bd6 43. Bc8+ Kd5 44. Bg7 Bc5+ 45. Kf3 Bd1+ 46. Kg3 Ke4
47. Bxh6 Bd4 48. b4 Bc3 49. Bb7+ Ke3 50. b5 Be2 51. Bc6 Be1+ 52. Kg2 Ba5 53.
Bg5 Bb6 54. Kg3 Ba5 55. Be7 Be1+ 56. Kg2 Kxf4 57. Bd6+ Kg5 58. b6 Ba6 59. b7
Bxb7 60. Bxb7 Bd2 61. h3 Bc1 62. Bc8 Bd2 63. Bd7 Bc1 64. Kf3 Bd2 65. Be7+ Kg6
66. Be8+ Kg7 67. Ke2 Bc3 68. Ke3 Be5 69. Kd3 Bf6 70. Bd6 Bb2 71. Ke3 Kf6 72.
Bc7 Bc1+ 73. Kd4 Ke7 74. Ba4 Bb2+ 75. Kd5 Kf6 76. Bc2 Kg5 77. Ke6 f4 78. Bd8+
Kh6 79. Be4 Bc3 80. Kf5 Bd2 81. Bg5+ Kg7 82. h4 Bc3 83. Bxf4 Bb2 84. h5 Bc3 85.
h6+ Kh8 86. Kg6 Bd4 87. Bd6 1-0

[Event "33. Open Ciudad de San Sebastian"]
[Site "San Sebastián ESP"]
[Date "2010.04.03"]
[Round "8.3"]
[White "Gleizerov, Evgeny"]
[Black "Thomassen, Joachim"]
[Result "1-0"]
[WhiteElo "2565"]
[BlackElo "2331"]
[PlyCount "86"]
[EventDate "2010.03.28"]
[EventType "swiss"]
[EventRounds "9"]
[EventCountry "ESP"]
[Source "lmi"]
[SourceDate "2010.03.28"]

1. d4 d5 2. c4 c6 3. Nf3 Nf6 4. Nc3 e6 5. g3 Nbd7 6. Bg2 dxc4 7. a4 Bb4 8. O-O
O-O 9. Qc2 a5 10. Na2 Bd6 11. Qxc4 e5 12. Qc2 Qe7 13. Nc3 Re8 14. e4 exd4 15.
Nxd4 Nc5 16. f3 Bd7 17. Kh1 Rad8 18. Be3 Bc8 19. Rfe1 h5 20. Bg1 Be5 21. Nce2
Bd6 22. Nc3 Be5 23. Rad1 h4 24. f4 Bxd4 25. Rxd4 Rxd4 26. Bxd4 hxg3 27. hxg3
Ne6 28. Bxf6 Qxf6 29. e5 Qh6+ 30. Kg1 g5 31. Ne4 Rd8 32. f5 Nd4 33. Qc5 Nxf5
34. Qxa5 Qf8 35. Nxg5 Rd3 36. g4 Nh4 37. e6 fxe6 38. Nxe6 Qf6 39. Qa8 Rd8 40.
Nxd8 Qd4+ 41. Kh1 Qf2 42. Re8+ Kh7 43. Be4+ Kh6 1-0

[Event "33. Open Ciudad de San Sebastian"]
[Site "San Sebastián ESP"]
[Date "2010.04.03"]
[Round "8.4"]
[White "Korneev, Oleg"]
[Black "Llaneza Vega, Marcos"]
[Result "1-0"]
[WhiteElo "2558"]
[BlackElo "2514"]
[PlyCount "81"]
[EventDate "2010.03.28"]
[EventType "swiss"]
[EventRounds "9"]
[EventCountry "ESP"]
[Source "lmi"]
[SourceDate "2010.03.28"]

1. e4 e5 2. Nf3 Nc6 3. Bb5 Nd4 4. Nxd4 exd4 5. Bc4 Nf6 6. d3 d5 7. exd5 Nxd5 8.
O-O Be7 9. Re1 Be6 10. Nd2 O-O 11. Ne4 Re8 12. a3 c6 13. Qh5 Nf6 14. Nxf6+ Bxf6
15. Bxe6 Rxe6 16. Rxe6 fxe6 17. Qe2 Qd5 18. Bd2 Re8 19. b3 Be7 20. a4 Bd6 21.
Re1 Qc5 22. Qd1 b5 23. b4 Qd5 24. Qa1 Rf8 25. Re4 bxa4 26. Qxa4 c5 27. b5 h6
28. Qc4 Rf6 29. Qxd5 exd5 30. Re8+ Rf8 31. Rxf8+ Kxf8 32. g4 c4 33. Ba5 Ke7 34.
Kg2 Kd7 35. h4 c3 36. h5 Kc8 37. Kh3 Kd7 38. g5 hxg5 39. Kg4 Bf4 40. Kf5 Ke7
41. Bb4+ 1-0

[Event "33. Open Ciudad de San Sebastian"]
[Site "San Sebastián ESP"]
[Date "2010.04.03"]
[Round "8.5"]
[White "Spraggett, Kevin"]
[Black "Argandona Riveiro, Inigo"]
[Result "1-0"]
[WhiteElo "2580"]
[BlackElo "2388"]
[PlyCount "91"]
[EventDate "2010.03.28"]
[EventType "swiss"]
[EventRounds "9"]
[EventCountry "ESP"]
[Source "lmi"]
[SourceDate "2010.03.28"]

1. e4 d6 2. d4 Nf6 3. Bd3 e5 4. c3 d5 5. dxe5 Nxe4 6. Nf3 Nc6 7. Nbd2 Nc5 8.
Bb1 Bg4 9. O-O Be7 10. b4 Ne6 11. Qa4 Bh5 12. b5 Nc5 13. Qf4 Ne6 14. Qg3 Na5
15. Nd4 Nxd4 16. cxd4 Qd7 17. a4 Bg6 18. f4 Bxb1 19. Rxb1 Qf5 20. Ba3 Bxa3 21.
Qxa3 b6 22. Rbc1 Rc8 23. Rf2 h5 24. Nf1 Nc4 25. Qf3 Rd8 26. Ng3 Qg6 27. Re1 h4
28. Nf1 Qh5 29. Qh3 g6 30. f5 g5 31. Ne3 Nxe3 32. Qxe3 g4 33. Rf4 Rd7 34. e6
Re7 35. Qc3 O-O 36. Re5 f6 37. Rxd5 g3 38. hxg3 hxg3 39. Qxg3+ Rg7 40. Qf3 Qh6
41. Rd7 Rxd7 42. exd7 Rd8 43. Qe4 Kf8 44. Rh4 Qc1+ 45. Kh2 Rxd7 46. Qa8+ 1-0

[Event "33. Open Ciudad de San Sebastian"]
[Site "San Sebastián ESP"]
[Date "2010.04.03"]
[Round "8.6"]
[White "Jakobsen, Ole"]
[Black "San Segundo Carrillo, Pablo"]
[Result "1/2-1/2"]
[WhiteElo "2332"]
[BlackElo "2534"]
[PlyCount "114"]
[EventDate "2010.03.28"]
[EventType "swiss"]
[EventRounds "9"]
[EventCountry "ESP"]
[Source "lmi"]
[SourceDate "2010.03.28"]

1. d4 Nf6 2. c4 e6 3. Nf3 d5 4. Nc3 dxc4 5. e3 a6 6. a4 b6 7. Bxc4 Bb7 8. O-O
Bb4 9. Qe2 O-O 10. Rd1 Nbd7 11. Bd3 Bd6 12. e4 e5 13. d5 h6 14. Bc4 Re8 15. Nd2
Nf8 16. Nf1 Ng6 17. g3 Bc8 18. Ne3 Bc5 19. Nf5 Bxf5 20. exf5 Ne7 21. Qf3 Nc8
22. Bd3 Bd4 23. Ne4 Nd6 24. Rb1 Nxd5 25. Bxh6 gxh6 26. f6 Nxe4 27. Bxe4 Qxf6
28. Bxd5 Qxf3 29. Bxf3 Rad8 30. b4 Rd6 31. Be2 a5 32. bxa5 bxa5 33. Rb5 Rf6 34.
Rf1 Bb6 35. Kg2 Kg7 36. f3 Rd6 37. Rd1 Rxd1 38. Bxd1 Rd8 39. Be2 Kf6 40. Rb2
Rd4 41. Bb5 Bc5 42. Rc2 Bb6 43. Rc6+ Kg7 44. h4 Rd2+ 45. Kh3 Rf2 46. Kg4 h5+
47. Kxh5 Rxf3 48. g4 e4 49. Rc4 e3 50. Re4 Bc5 51. g5 Rg3 52. Rf4 Bd6 53. Re4
f6 54. Re6 fxg5 55. hxg5 Bf4 56. Rg6+ Kh8 57. Rh6+ Kg7 1/2-1/2

[Event "33. Open Ciudad de San Sebastian"]
[Site "San Sebastián ESP"]
[Date "2010.04.03"]
[Round "8.7"]
[White "Cabrera, Alexis"]
[Black "Almeida Toledano, Daniel"]
[Result "1-0"]
[WhiteElo "2533"]
[BlackElo "2367"]
[PlyCount "97"]
[EventDate "2010.03.28"]
[EventType "swiss"]
[EventRounds "9"]
[EventCountry "ESP"]
[Source "lmi"]
[SourceDate "2010.03.28"]

1. e4 e6 2. d4 d5 3. Nc3 Nf6 4. e5 Nfd7 5. f4 c5 6. Nf3 Nc6 7. Be3 cxd4 8. Nxd4
Bc5 9. Qd2 O-O 10. O-O-O a6 11. Qf2 Nxd4 12. Bxd4 b6 13. Bd3 f6 14. Qh4 g6 15.
Bxc5 bxc5 16. Qg3 Qe7 17. exf6 Nxf6 18. Be2 d4 19. Na4 Rb8 20. Qg5 Qc7 21. Nxc5
Nd5 22. Qe5 Qxc5 23. Qxb8 Nxf4 24. Bd3 e5 25. Rhe1 Nxd3+ 26. Rxd3 e4 27. Qb3+
Kg7 28. Rg3 Bf5 29. Qa3 Qc7 30. Qb4 Rd8 31. Rb3 d3 32. Qd2 Kg8 33. Rc3 Qa5 34.
g4 Bxg4 35. Rxe4 Bf5 36. Rxd3 Qxd2+ 37. Kxd2 Rb8 38. Ra4 Bxd3 39. Kxd3 Rxb2 40.
Rxa6 Rb5 41. Ra4 Rh5 42. h4 g5 43. Rg4 h6 44. a4 Kf7 45. hxg5 hxg5 46. a5 Rh3+
47. Kc4 Kf6 48. Kb5 Rc3 49. Rc4 1-0

[Event "33. Open Ciudad de San Sebastian"]
[Site "San Sebastián ESP"]
[Date "2010.04.03"]
[Round "8.8"]
[White "Andonov, Bogomil"]
[Black "Ulibin, Mikhail"]
[Result "1-0"]
[WhiteElo "2304"]
[BlackElo "2516"]
[PlyCount "75"]
[EventDate "2010.03.28"]
[EventType "swiss"]
[EventRounds "9"]
[EventCountry "ESP"]
[Source "lmi"]
[SourceDate "2010.03.28"]

1. Nf3 c5 2. c4 Nf6 3. Nc3 b6 4. e4 Bb7 5. e5 Ng8 6. d4 cxd4 7. Nxd4 a6 8. Bf4
e6 9. Nf3 f5 10. exf6 Qxf6 11. Bg5 Bxf3 12. Qxf3 Qxf3 13. gxf3 Nc6 14. O-O-O
Nf6 15. Be3 Rb8 16. Na4 b5 17. cxb5 axb5 18. Nb6 b4 19. Bb5 Rb7 20. Ba4 Ne7 21.
Bd4 Ned5 22. Nxd5 Nxd5 23. Kb1 Kf7 24. Bb3 Ne7 25. Bc2 Nc6 26. Be3 d5 27. Ba4
Na5 28. b3 Be7 29. f4 Rd8 30. Bd4 Bf6 31. Be5 Bxe5 32. fxe5 d4 33. Rd3 Rd5 34.
f4 Rb8 35. Rc1 Re8 36. Bxe8+ Kxe8 37. Rc7 Kf8 38. h4 1-0

[Event "33. Open Ciudad de San Sebastian"]
[Site "San Sebastián ESP"]
[Date "2010.04.03"]
[Round "8.9"]
[White "Cruz-Lopez Claret, Carlos"]
[Black "Alonso Rosell, Alvar"]
[Result "0-1"]
[WhiteElo "2318"]
[BlackElo "2509"]
[PlyCount "66"]
[EventDate "2010.03.28"]
[EventType "swiss"]
[EventRounds "9"]
[EventCountry "ESP"]
[Source "lmi"]
[SourceDate "2010.03.28"]

1. d4 Nf6 2. c4 c5 3. d5 e6 4. Nc3 exd5 5. cxd5 d6 6. e4 g6 7. f4 Bg7 8. Nf3
O-O 9. Be2 Nbd7 10. O-O Re8 11. Nd2 c4 12. e5 dxe5 13. Nxc4 exf4 14. Bxf4 Ne4
15. Bf3 Ndf6 16. Be5 Nxc3 17. Bxc3 Bf5 18. Qb3 Rc8 19. Rad1 Qc7 20. Na3 Ng4 21.
Bxg4 Bxg4 22. Rc1 Qc5+ 23. Kh1 Bxc3 24. h3 Qd6 25. Nb5 Qd7 26. Rxc3 Rxc3 27.
Nxc3 Bxh3 28. d6 Re5 29. Qc4 Rg5 30. Qh4 Bxg2+ 31. Kg1 Rg4 32. Rxf7 Bh3+ 33.
Kh2 Qxd6+ 0-1

[Event "33. Open Ciudad de San Sebastian"]
[Site "San Sebastián ESP"]
[Date "2010.04.03"]
[Round "8.10"]
[White "Pogorelov, Ruslan"]
[Black "Garro Beraza, Haritz"]
[Result "1-0"]
[WhiteElo "2486"]
[BlackElo "2075"]
[PlyCount "61"]
[EventDate "2010.03.28"]
[EventType "swiss"]
[EventRounds "9"]
[EventCountry "ESP"]
[Source "lmi"]
[SourceDate "2010.03.28"]

1. Nf3 Nf6 2. c4 g6 3. Nc3 Bg7 4. e4 d6 5. d4 O-O 6. Be2 e5 7. O-O Nc6 8. d5
Ne7 9. Ne1 Nd7 10. Be3 f5 11. f3 f4 12. Bf2 g5 13. a4 Rf6 14. Nd3 a6 15. a5 Rg6
16. c5 Nf6 17. cxd6 cxd6 18. Qb3 g4 19. Bb6 Qe8 20. Nxe5 dxe5 21. d6+ Kh8 22.
dxe7 Qxe7 23. Rfd1 Be6 24. Nd5 Bxd5 25. exd5 e4 26. d6 Qd7 27. fxe4 Nxe4 28.
Bd3 Re6 29. Bxe4 Rxe4 30. Qc2 Qf5 31. Rac1 1-0

[Event "33. Open Ciudad de San Sebastian"]
[Site "San Sebastián ESP"]
[Date "2010.04.03"]
[Round "8.11"]
[White "Ledger, Andrew J"]
[Black "Navarrete Espi, Samuel"]
[Result "1-0"]
[WhiteElo "2431"]
[BlackElo "1992"]
[PlyCount "93"]
[EventDate "2010.03.28"]
[EventType "swiss"]
[EventRounds "9"]
[EventCountry "ESP"]
[Source "lmi"]
[SourceDate "2010.03.28"]

1. e4 e5 2. Nc3 Nc6 3. g3 Nf6 4. Bg2 Bc5 5. Nge2 a6 6. O-O d6 7. d3 Be6 8. Nd5
Bxd5 9. exd5 Ne7 10. d4 Ba7 11. c4 Qd7 12. b4 O-O-O 13. Bb2 Ng6 14. a4 Rhe8 15.
b5 a5 16. Qd2 Bb6 17. Rfd1 exd4 18. Bxd4 Ne4 19. Qc2 Qf5 20. Bxb6 cxb6 21. Nd4
Qe5 22. f4 Nxf4 23. Qxe4 Qxe4 24. Bxe4 Rxe4 25. gxf4 Rxf4 26. Ra3 Re8 27. Rf3
Ree4 28. Rxf4 Rxf4 29. Kg2 g5 30. Ne2 Rxc4 31. Rc1 Rxc1 32. Nxc1 Kd7 33. Kf3 f5
34. Nd3 Ke7 35. Nb2 Kf6 36. Nc4 h5 37. Ke3 h4 38. Kf3 h3 39. Kg3 f4+ 40. Kg4 f3
41. Kxf3 Kf5 42. Nxb6 Ke5 43. Nc4+ Kxd5 44. Nxa5 b6 45. Nb7 Kc4 46. Nxd6+ Kb4
47. Kg4 1-0

[Event "33. Open Ciudad de San Sebastian"]
[Site "San Sebastián ESP"]
[Date "2010.04.03"]
[Round "8.12"]
[White "Piasetski, Leon"]
[Black "Marholev, Dimitar"]
[Result "1/2-1/2"]
[WhiteElo "2280"]
[BlackElo "2423"]
[PlyCount "38"]
[EventDate "2010.03.28"]
[EventType "swiss"]
[EventRounds "9"]
[EventCountry "ESP"]
[Source "lmi"]
[SourceDate "2010.03.28"]

1. Nf3 Nf6 2. c4 g6 3. Nc3 Bg7 4. e4 d6 5. d4 O-O 6. Be2 a5 7. O-O Na6 8. Rb1
e5 9. d5 Nc5 10. Nd2 Bd7 11. b3 Bh6 12. Qc2 Ne8 13. a3 f5 14. b4 axb4 15. axb4
Nxe4 16. Ndxe4 Bxc1 17. Rfxc1 fxe4 18. Nxe4 Nf6 19. Ra1 Nxe4 1/2-1/2

[Event "33. Open Ciudad de San Sebastian"]
[Site "San Sebastián ESP"]
[Date "2010.04.03"]
[Round "8.13"]
[White "Hagesaether, Ellen"]
[Black "Barria Zuniga, Daniel"]
[Result "0-1"]
[WhiteElo "2269"]
[BlackElo "2435"]
[PlyCount "106"]
[EventDate "2010.03.28"]
[EventType "swiss"]
[EventRounds "9"]
[EventCountry "ESP"]
[Source "lmi"]
[SourceDate "2010.03.28"]

1. e4 e6 2. Qe2 Nf6 3. Nf3 d5 4. e5 Nfd7 5. g3 c5 6. Bg2 Nc6 7. O-O Be7 8. h4
O-O 9. d3 b5 10. Bf4 a5 11. a4 b4 12. c4 bxc3 13. bxc3 Ba6 14. Na3 c4 15. d4
Rb8 16. Bg5 Rb3 17. Nb1 Qb6 18. Qe3 Bxg5 19. Qxg5 f6 20. exf6 Nxf6 21. Qc1 Ne4
22. Ng5 Nxg5 23. Qxg5 h6 24. Qd2 Kh8 25. Qe1 Nxd4 26. cxd4 Qxd4 27. Ra3 Rxa3
28. Nxa3 c3 29. Nb5 Qxa4 30. Nxc3 Qc2 31. Qc1 Qf5 32. Re1 Qxf2+ 33. Kh1 Qxg3
34. Re3 Qxh4+ 35. Rh3 Qf4 36. Qe1 Bf1 37. Bxf1 Qxf1+ 38. Qxf1 Rxf1+ 39. Kg2 Rc1
40. Kf2 Rc2+ 41. Ke1 Kg8 42. Nb5 Rc5 43. Nd4 Rc4 44. Nb3 a4 45. Nd2 Rb4 46. Rc3
Kf7 47. Nf3 Kf6 48. Rc8 g5 49. Rh8 g4 50. Rxh6+ Kg7 51. Rxe6 gxf3 52. Kf2 Rb3
53. Rd6 Rd3 0-1

[Event "33. Open Ciudad de San Sebastian"]
[Site "San Sebastián ESP"]
[Date "2010.04.03"]
[Round "8.14"]
[White "Cifuentes Parada, Roberto"]
[Black "Hernandez, Elvis"]
[Result "1-0"]
[WhiteElo "2525"]
[BlackElo "2277"]
[PlyCount "89"]
[EventDate "2010.03.28"]
[EventType "swiss"]
[EventRounds "9"]
[EventCountry "ESP"]
[Source "lmi"]
[SourceDate "2010.03.28"]

1. d4 d5 2. c4 dxc4 3. Nf3 a6 4. e3 Be6 5. a4 Nf6 6. Nbd2 c5 7. Bxc4 Bxc4 8.
Nxc4 e6 9. a5 Nc6 10. Qa4 cxd4 11. Nxd4 Qd5 12. O-O Bc5 13. Nxc6 Qxc6 14. Qxc6+
bxc6 15. Bd2 O-O 16. Rfc1 Rab8 17. Rc2 Bb4 18. Nb6 Bxd2 19. Rxd2 Rfd8 20. Rc2
Rd6 21. Rac1 Rbd8 22. Kf1 g6 23. Ke1 Nd7 24. Rxc6 Ne5 25. Rxd6 Rxd6 26. Ke2 Kg7
27. Rc3 g5 28. Rc5 f6 29. Rc7+ Kg6 30. Nc8 Rd7 31. Rxd7 Nxd7 32. b4 Nb8 33. Kd3
Kf7 34. Kc4 Ke8 35. b5 axb5+ 36. Kxb5 Kd7 37. Nb6+ Kc7 38. a6 Nc6 39. Kc5 Na7
40. Nc4 Nc8 41. Na3 h5 42. Nb5+ Kb8 43. Kc6 f5 44. Kd7 e5 45. Ke6 1-0

[Event "33. Open Ciudad de San Sebastian"]
[Site "San Sebastián ESP"]
[Date "2010.04.03"]
[Round "8.15"]
[White "Recuero Guerra, David"]
[Black "Griffiths, Ryan Rhys"]
[Result "1/2-1/2"]
[WhiteElo "2481"]
[BlackElo "2195"]
[PlyCount "71"]
[EventDate "2010.03.28"]
[EventType "swiss"]
[EventRounds "9"]
[EventCountry "ESP"]
[Source "lmi"]
[SourceDate "2010.03.28"]

1. e4 c5 2. Nf3 d6 3. d4 cxd4 4. Nxd4 Nf6 5. f3 e5 6. Nb3 Be6 7. c4 a5 8. Be3
a4 9. N3d2 Qa5 10. Be2 Be7 11. Na3 O-O 12. O-O Bd8 13. Kh1 h6 14. Nb5 Bb6 15.
b4 axb3 16. Nxb3 Qa6 17. Bxb6 Qxb6 18. Qxd6 Qe3 19. Qd3 Qxd3 20. Bxd3 Na6 21.
Be2 Nd7 22. Kg1 Rfc8 23. Rfc1 Kf8 24. Kf2 Ke7 25. Nd2 Ndc5 26. Ke3 Nb4 27. a3
Nc6 28. Rab1 f5 29. exf5 Bxf5 30. Ra1 Ra5 31. f4 exf4+ 32. Kxf4 Kf6 33. Nc3 g5+
34. Kg3 Nd4 35. Nd5+ Kg7 36. Bd1 1/2-1/2